000 00331nam a2200133Ia 4500
008 240624s9999 xx 000 0 und d
041 _aeng
082 _a658.4012 GAR
100 _aGARG VINOD KUMAR
245 _aERPWARE ERP IMPLEMENTATION FRAMEWORK
260 _c2002
_aNew Delhi
_bPrentice-Hall
300 _aix, : 106
365 _cRS
999 _c324
_d324